Southville International School and Colleges
Your cart is empty.
  • Cart
  • Lists
    Public lists Eva Luna New books Lux_list list_1
    Your lists Log in to create your own lists
  • Log in to your account
  • Your cookies
  • Search history
Southville International School and Colleges
  • Advanced search
  • Recent comments
  • Most popular
  • Libraries

Log in to your account

Log in with GOOGLE


If you do not have an external account, but do have a local account, you can still log in:

  1. Home
  2. MARC view: Creating the digital brand guideline for gain inc.
Normal view MARC view ISBD view

Creating the digital brand guideline for gain inc. (Record no. 367111)

[ view plain ]
MARC details
000 -LEADER
fixed length control field 00877nam a22002417a 4500
003 - CONTROL NUMBER IDENTIFIER
control field 0
005 - DATE AND TIME OF LATEST TRANSACTION
control field 20250204124826.0
008 - FIXED-LENGTH DATA ELEMENTS--GENERAL INFORMATION
fixed length control field 250204b xxu||||| |||| 00| 0 eng d
050 ## - LIBRARY OF CONGRESS CALL NUMBER
Classification number HF 5415.1255
Item number .R37 2023
100 ## - MAIN ENTRY--PERSONAL NAME
Personal name Raso, Sylvia Gillian R.
245 ## - TITLE STATEMENT
Title Creating the digital brand guideline for gain inc.
Statement of responsibility, etc Sylvia Gillian R. Raso and three others.
260 ## - PUBLICATION, DISTRIBUTION, ETC. (IMPRINT)
Place of publication, distribution, etc Las Pinas City
Name of publisher, distributor, etc Southville International School and Colleges
Date of publication, distribution, etc 2023
300 ## - PHYSICAL DESCRIPTION
Extent vi, 98 pages :
Other physical details colored pictures.
Dimensions 28cm.
500 ## - GENERAL NOTE
General note Bachelor of Arts in Multimedia Arts.
504 ## - BIBLIOGRAPHY, ETC. NOTE
Bibliography, etc Includes bibliographical references and appendices.
650 ## - SUBJECT ADDED ENTRY--TOPICAL TERM
Topical term or geographic name as entry element Branding (Marketing).
650 ## - SUBJECT ADDED ENTRY--TOPICAL TERM
Topical term or geographic name as entry element Online Brand Management.
650 ## - SUBJECT ADDED ENTRY--TOPICAL TERM
Topical term or geographic name as entry element Digital Marketing Strategies.
700 ## - ADDED ENTRY--PERSONAL NAME
Personal name Reyes, Andrea Mika M.
700 ## - ADDED ENTRY--PERSONAL NAME
Personal name Tabiosas, Carl Jacob S.
700 ## - ADDED ENTRY--PERSONAL NAME
Personal name Utanes, Patricia Angelika A.
942 ## - ADDED ENTRY ELEMENTS (KOHA)
Source of classification or shelving scheme Library of Congress Classification
Koha item type Theses
Holdings
Withdrawn status Lost status Source of classification or shelving scheme Damaged status Home library Current library Shelving location Date acquired Source of acquisition Sub Shelving location Total Checkouts Full call number Barcode Date last seen Price effective from Koha item type
    Library of Congress Classification   College Library College Library Theses Section 02/04/2025 Donation     HF 5415.1255 .R37 2023 T1350 02/04/2025 02/04/2025 Theses

Creating the digital brand guideline for gain inc.

APA

Raso S. G. R., Reyes A. M. M., Tabiosas C. J. S. & Utanes P. A. A. (2023). Creating the digital brand guideline for gain inc. Las Pinas City: Southville International School and Colleges.

Chicago

Raso Sylvia Gillian R, Reyes Andrea Mika M, Tabiosas Carl Jacob S and Utanes Patricia Angelika A. 2023. Creating the digital brand guideline for gain inc. Las Pinas City: Southville International School and Colleges.

Harvard

Raso S. G. R., Reyes A. M. M., Tabiosas C. J. S. and Utanes P. A. A. (2023). Creating the digital brand guideline for gain inc. Las Pinas City: Southville International School and Colleges.

MLA

Raso Sylvia Gillian R, Reyes Andrea Mika M, Tabiosas Carl Jacob S and Utanes Patricia Angelika A. Creating the digital brand guideline for gain inc. Las Pinas City: Southville International School and Colleges. 2023.

  • Print
  • Cite
  • Add to your cart (remove)
  • Save record
    BIBTEX Dublin Core MARCXML MARC (non-Unicode/MARC-8) MARC (Unicode/UTF-8) MARC (Unicode/UTF-8, Standard) MODS (XML) RIS
  • More searches
    Search for this title in:
    Other Libraries (WorldCat) Other Databases (Google Scholar) Online Stores (Bookfinder.com) Open Library (openlibrary.org)

Exporting to Dublin Core...

SOUTHVILLE LIBRARY

Southville International School and Colleges Library

1281 Tropical Ave. Cor. Luxembourg St., BF Homes International, Las Pinas City

Tel. No. 8256374 / 252358 Loc. 117/146

Powered by Koha